[Event "NW Regional Scholastic Championships"]
[Site "Chess.com"]
[Date "2020.05.16"]
[Round "?"]
[White "HQrockstarpra"]
[Black "BentonT"]
[Result "0-1"]
[WhiteElo "1200"]
[BlackElo "1058"]
[PlyCount "94"]
[EventDate "2020.??.??"]

1. e4 e6 2. d4 d5 3. e5 c5 4. c3 Nc6 5. Nf3 Qb6 6. Be2 Nge7 7. O-O Nf5 8. Be3
Qxb2 9. Nbd2 Qxc3 10. Nb3 Qb4 11. dxc5 Nxe3 12. fxe3 Bxc5 13. Nxc5 Qxc5 14. Qd3
O-O 15. Bd1 b6 16. Bc2 g6 17. h4 Nb4 18. Qb3 Nxc2 19. Rac1 Qxe3+ 20. Qxe3 Nxe3
21. Rfe1 Nf5 22. g4 Ne7 23. Kh2 Bb7 24. h5 Kg7 25. Rc7 gxh5 26. gxh5 Bc6 27.
Rxe7 Rfc8 28. Rg1+ Kf8 29. Rxf7+ Kxf7 30. Ng5+ Kg7 31. Nxe6+ Kh6 32. Nf4 Rf8
33. Rg4 Rae8 34. Kh3 Bd7 35. Kh4 Bxg4 36. Kxg4 Rxe5 37. a4 Rg5+ 38. Kf3 Rg4 39.
Ke3 Rgxf4 40. a5 bxa5 41. Kd3 Re4 42. Kc3 Rf3+ 43. Kd2 a4 44. Kc2 Re2+ 45. Kd1
Rh2 46. Ke1 a3 47. Kd1 Rf1# 0-1

[Event "NW Regional Scholastic Championships"]
[Site "Chess.com"]
[Date "2020.05.16"]
[Round "?"]
[White "HQrockstarpra"]
[Black "ChessKusumas"]
[Result "1-0"]
[WhiteElo "1200"]
[BlackElo "1264"]
[PlyCount "67"]
[EventDate "2020.??.??"]

1. e4 g6 2. d4 Bg7 3. Nf3 d6 4. Nc3 Nd7 5. Be3 e5 6. dxe5 dxe5 7. Be2 Ne7 8.
O-O O-O 9. Bg5 Bf6 10. Bxf6 Nxf6 11. Qxd8 Rxd8 12. Nxe5 Bd7 13. Bc4 Be6 14.
Bxe6 fxe6 15. Rad1 Rd6 16. Rxd6 cxd6 17. Nf3 d5 18. exd5 Nexd5 19. Nxd5 Nxd5
20. Re1 Rc8 21. c3 Re8 22. Nd4 e5 23. Nb3 e4 24. f3 e3 25. Nc5 b6 26. Nb3 Kf7
27. Nd4 Nf4 28. g3 Nd3 29. Re2 Nc1 30. Re1 Nd3 31. Re2 h5 32. Nb5 Nc1 33. Re1
Nxa2 34. Nd6+ 1-0

[Event "NW Regional Scholastic Championships"]
[Site "Chess.com"]
[Date "2020.05.16"]
[Round "?"]
[White "ElijahDat"]
[Black "DabbingDude11"]
[Result "1-0"]
[WhiteElo "1488"]
[BlackElo "1200"]
[PlyCount "135"]
[EventDate "2020.??.??"]

1. e4 e5 2. Nf3 Nc6 3. Bc4 Bc5 4. Nc3 Nf6 5. d3 h6 6. O-O O-O 7. Be3 Bxe3 8.
fxe3 Re8 9. h3 d6 10. d4 exd4 11. exd4 Nxe4 12. Nxe4 Rxe4 13. Bd5 Re8 14. Nh2
Be6 15. Bxc6 bxc6 16. Qd3 Qg5 17. Rf3 Bd5 18. Rg3 Qh4 19. Nf1 Be4 20. Qd2 Re6
21. Rg4 Qh5 22. Ng3 Qd5 23. c4 Qxc4 24. Nxe4 Rae8 25. Re1 Kf8 26. Qf2 Qd5 27.
Qe3 f5 28. Qf3 Rxe4 29. Rgxe4 Rxe4 30. Rf1 Qxd4+ 31. Kh2 g6 32. g4 Qe5+ 33. Kg2
Re2+ 34. Rf2 Rxf2+ 35. Qxf2 Kg7 36. gxf5 Qxf5 37. Qd4+ Qe5 38. Qxa7 Qxb2+ 39.
Kg3 Qc3+ 40. Kg2 Qd2+ 41. Kg3 Qg5+ 42. Kh2 Qe7 43. Qd4+ Qe5+ 44. Qxe5+ dxe5 45.
a4 e4 46. a5 e3 47. Kg1 c5 48. a6 c4 49. a7 c3 50. a8=Q c2 51. Qa1+ Kf7 52. Qb2
e2 53. Kf2 g5 54. Qxc2 c6 55. Kxe2 h5 56. Qxc6 g4 57. hxg4 hxg4 58. Qg2 Kf6 59.
Qxg4 Ke5 60. Ke3 Kf6 61. Kf4 Kf7 62. Qd7+ Kf6 63. Qd6+ Kf7 64. Kf5 Kg7 65. Qc7+
Kh6 66. Qg3 Kh7 67. Kf6 Kh8 68. Qg7# 1-0

[Event "NW Regional Scholastic Championships"]
[Site "Chess.com"]
[Date "2020.05.16"]
[Round "?"]
[White "mjcaramel"]
[Black "DabbingDude11"]
[Result "1-0"]
[WhiteElo "1193"]
[BlackElo "1200"]
[PlyCount "59"]
[EventDate "2020.??.??"]

1. e4 e5 2. Nf3 Nc6 3. Bc4 Bc5 4. c3 Nf6 5. d4 exd4 6. cxd4 Bb4+ 7. Nc3 Nxe4 8.
Bd2 Nxd2 9. Qxd2 Bxc3 10. bxc3 O-O 11. O-O d5 12. Bd3 Qf6 13. Rfe1 Bg4 14. Ne5
Nxe5 15. Rxe5 c6 16. Rae1 Qd6 17. h3 Bd7 18. Qd1 Rfe8 19. Qh5 h6 20. g4 Qf6 21.
g5 Rxe5 22. Rxe5 Qd6 23. g6 f6 24. Re2 Re8 25. Rxe8+ Bxe8 26. Qg4 Bd7 27. Bf5
Bxf5 28. Qxf5 Qd8 29. Qe6+ Kf8 30. Qf7# 1-0

[Event "NW Regional Scholastic Championships"]
[Site "Chess.com"]
[Date "2020.05.16"]
[Round "?"]
[White "Metal_Pineapple"]
[Black "DabbingDude11"]
[Result "1-0"]
[WhiteElo "1215"]
[BlackElo "1200"]
[PlyCount "123"]
[EventDate "2020.??.??"]

1. e4 e5 2. Nf3 Nc6 3. Bc4 Bc5 4. Nc3 Nf6 5. d3 h6 6. h4 O-O 7. Ng5 Nd4 8. Be3
a6 9. Bxd4 exd4 10. Nd5 Nxd5 11. Bxd5 c6 12. Bxf7+ Rxf7 13. Nxf7 Kxf7 14. Qh5+
Kg8 15. Qxc5 Qf6 16. Qc4+ Kh8 17. O-O-O b5 18. Qc5 Bb7 19. Qf5 Qxf5 20. exf5 c5
21. Rhg1 Rf8 22. g4 h5 23. gxh5 Rxf5 24. Rde1 Rxh5 25. Re8+ Kh7 26. Re7 Kh8 27.
Rxd7 Bc6 28. Rdxg7 Rxh4 29. Rg8+ Kh7 30. R1g7+ Kh6 31. Rg6+ Kh5 32. Rxc6 Rf4
33. Rh8+ Kg5 34. Rxc5+ Kg6 35. Rg8+ Kh7 36. Rg2 Kh6 37. Rc6+ Kh7 38. Rxa6 Rh4
39. Ra7+ Kh6 40. Rag7 Rh1+ 41. Rg1 Rh2 42. R7g3 Rh4 43. Rg6+ Kh7 44. Rg7+ Kh6
45. R1g6+ Kh5 46. Rh7+ Kxg6 47. Rxh4 Kg5 48. Rh8 Kf4 49. c3 dxc3 50. bxc3 Kf3
51. c4 bxc4 52. dxc4 Kxf2 53. a4 Ke3 54. a5 Kd4 55. a6 Kxc4 56. a7 Kd5 57.
a8=Q+ Kd4 58. Rh5 Kc4 59. Qd5+ Kb4 60. Qc5+ Kb3 61. Rh3+ Ka4 62. Ra3# 1-0

[Event "NW Regional Scholastic Championships"]
[Site "Chess.com"]
[Date "2020.05.16"]
[Round "?"]
[White "catLeo"]
[Black "wang722598"]
[Result "1-0"]
[WhiteElo "783"]
[BlackElo "1328"]
[PlyCount "219"]
[EventDate "2020.??.??"]

1. d4 Nf6 2. c4 e6 3. Nc3 Bb4 4. a3 Bxc3+ 5. bxc3 b6 6. Bg5 Bb7 7. Nf3 d6 8. d5
exd5 9. cxd5 Nbd7 10. Qa4 O-O 11. c4 Nc5 12. Qc2 Re8 13. e3 c6 14. Be2 cxd5 15.
cxd5 Bxd5 16. O-O h6 17. Bh4 Rc8 18. Qb1 Nce4 19. Bd3 Qd7 20. Bxf6 Nxf6 21. Bb5
Bc6 22. Bd3 Bxf3 23. gxf3 Qh3 24. Bf5 Qxf3 25. Bxc8 Re5 26. h4 Ng4 27. Bd7 Nxe3
28. fxe3 Qg3+ 29. Kh1 Qxh4+ 30. Kg2 Qg5+ 31. Kf2 Qxe3+ 32. Kg2 Rg5+ 33. Kh1 Qe2
34. Ra2 Rh5+ 35. Kg1 Rg5+ 36. Kh1 Rh5+ 37. Kg1 Qe3+ 38. Raf2 Rg5+ 39. Kh1 Rh5+
40. Rh2 Rxh2+ 41. Kxh2 Qe2+ 42. Kh3 Qe3+ 43. Kg2 Qg5+ 44. Kf2 Qf6+ 45. Ke1 Qe5+
46. Kd1 Qd4+ 47. Kc1 Qc3+ 48. Qc2 Qxa3+ 49. Kd1 Qa1+ 50. Ke2 Qa6+ 51. Kf2 Qa5
52. Qc8+ Kh7 53. Bf5+ g6 54. Bxg6+ fxg6 55. Qd7+ Kh8 56. Qe8+ Kh7 57. Qf7+ Kh8
58. Qxg6 Qa2+ 59. Kg1 Qg8 60. Rf6 Qxg6+ 61. Rxg6 Kh7 62. Rxd6 b5 63. Rd7+ Kg6
64. Rxa7 h5 65. Rb7 Kg5 66. Rxb5+ Kg4 67. Kh1 h4 68. Rb4+ Kg3 69. Rb3+ Kg4 70.
Rb2 Kg3 71. Rb8 Kh3 72. Rh8 Kg3 73. Re8 Kh3 74. Re3+ Kg4 75. Kh2 Kf4 76. Rb3
Kg4 77. Rb4+ Kg5 78. Kh3 Kh5 79. Rxh4+ Kg5 80. Ra4 Kf5 81. Kg3 Ke5 82. Kf3 Kd5
83. Ke3 Kc5 84. Kd3 Kb5 85. Rh4 Kc5 86. Rg4 Kb5 87. Kc3 Ka5 88. Kb3 Kb5 89.
Rg5+ Kc6 90. Kc4 Kd6 91. Kd4 Ke6 92. Ra5 Kf6 93. Ke4 Kg6 94. Kf4 Kh6 95. Kg4
Kg6 96. Ra6+ Kf7 97. Kf5 Ke7 98. Rh6 Kd7 99. Ke5 Kc7 100. Kd5 Kb7 101. Kc5 Ka7
102. Kb5 Kb7 103. Rh7+ Kc8 104. Kc6 Kd8 105. Ra7 Ke8 106. Kd6 Kf8 107. Ke6 Kg8
108. Kf6 Kh8 109. Kg6 Kg8 110. Ra8# 1-0

[Event "NW Regional Scholastic Championships"]
[Site "Chess.com"]
[Date "2020.05.16"]
[Round "?"]
[White "ieatrocksforfun"]
[Black "catLeo"]
[Result "1-0"]
[WhiteElo "1400"]
[BlackElo "783"]
[PlyCount "79"]
[EventDate "2020.??.??"]

1. e4 e5 2. Nf3 Nc6 3. Bb5 Nf6 4. d3 Bc5 5. O-O d6 6. Bxc6+ bxc6 7. h3 Be6 8.
Bg5 O-O 9. Nc3 Rb8 10. b3 Bb4 11. Qd2 h6 12. Bh4 d5 13. a3 Bc5 14. exd5 cxd5
15. Nxe5 Bd4 16. Nc6 Bxc3 17. Qxc3 Qd6 18. Nxb8 Rxb8 19. Bxf6 gxf6 20. Qxf6 Kh7
21. b4 Rg8 22. Qf3 Qe5 23. Rfe1 Qg5 24. Re2 Qg7 25. Rae1 d4 26. Rxe6 fxe6 27.
Rxe6 Rf8 28. Qe2 Rg8 29. Re7 Qxe7 30. Qxe7+ Kh8 31. Qxc7 Re8 32. g4 Re2 33.
Qxa7 Rxc2 34. Qxd4+ Kh7 35. b5 Rc1+ 36. Kg2 Rb1 37. b6 Kg6 38. Qe4+ Kg5 39. b7
Kh4 40. Qe7# 1-0

[Event "NW Regional Scholastic Championships"]
[Site "Chess.com"]
[Date "2020.05.16"]
[Round "?"]
[White "catLeo"]
[Black "ChessKusumas"]
[Result "1-0"]
[WhiteElo "783"]
[BlackElo "1264"]
[PlyCount "50"]
[EventDate "2020.??.??"]

1. d4 d6 2. c4 Nd7 3. e4 e5 4. d5 Qh4 5. Nf3 Qxe4+ 6. Be2 Qg6 7. Nc3 Be7 8. Bd3
Qxg2 9. Rg1 Qh3 10. Rxg7 Qh5 11. Ne4 Kf8 12. Ng3 Qh3 13. Bf5 Qg2 14. Nh5 Qh1+
15. Ke2 Qxd1+ 16. Kxd1 Ndf6 17. Rg5 Bxf5 18. Rxf5 Nxh5 19. Rxh5 Nf6 20. Bh6+
Ke8 21. Rf5 Kd7 22. Bg7 Rhg8 23. Bxf6 Bxf6 24. Rxf6 Ke7 25. Rh6 Rh8 1-0

[Event "NW Regional Scholastic Championships"]
[Site "Chess.com"]
[Date "2020.05.16"]
[Round "?"]
[White "Parthpp"]
[Black "catLeo"]
[Result "1-0"]
[WhiteElo "1054"]
[BlackElo "783"]
[PlyCount "83"]
[EventDate "2020.??.??"]

1. c4 e5 2. Nc3 Nf6 3. g3 Nc6 4. d3 Bb4 5. Bg5 d6 6. Bg2 Be6 7. Qb3 h6 8. Bxf6
Qxf6 9. Bxc6+ bxc6 10. Qxb4 O-O 11. Qa4 Rab8 12. Qxc6 Rxb2 13. Qxc7 e4 14. Nxe4
Qe5 15. Qxd6 Qa5+ 16. Kf1 Rd8 17. Qc5 Qa4 18. Nc3 Qc2 19. Nd1 Qxe2+ 20. Nxe2
Bh3+ 21. Kg1 Rxe2 22. Ne3 Rxd3 23. Qc8+ Kh7 24. Qf5+ Bxf5 25. Nxf5 Rdd2 26. Rf1
Rxa2 27. h4 a5 28. Kg2 g6 29. Nd4 Rec2 30. Nxc2 Rxc2 31. Ra1 Rxc4 32. Rxa5 Rg4
33. f4 Kg7 34. Kf3 h5 35. Rd1 f5 36. Rd7+ Kh6 37. Ra8 Rxf4+ 38. gxf4 g5 39.
hxg5+ Kg6 40. Rd6+ Kf7 41. Ra7+ Ke8 42. Rb6 1-0

[Event "NW Regional Scholastic Championships"]
[Site "Chess.com"]
[Date "2020.05.16"]
[Round "?"]
[White "catLeo"]
[Black "ProfSynergy"]
[Result "0-1"]
[WhiteElo "783"]
[BlackElo "1286"]
[PlyCount "56"]
[EventDate "2020.??.??"]

1. d4 d5 2. c4 e6 3. Nc3 c5 4. Nf3 Nc6 5. Bg5 Nf6 6. e3 Be7 7. Be2 Bd7 8. O-O
O-O 9. Bxf6 Bxf6 10. cxd5 exd5 11. Nxd5 cxd4 12. exd4 Be6 13. Nxf6+ Qxf6 14. d5
Rad8 15. Bc4 Bg4 16. Qb3 Na5 17. Qb4 Nxc4 18. Qxc4 Bxf3 19. gxf3 Qxf3 20. Rad1
Qf6 21. Qg4 Rfe8 22. Kh1 Re5 23. Rg1 Rexd5 24. Rxd5 Rxd5 25. Qc8+ Rd8 26. Qxb7
Qxf2 27. Qc7 Qf3+ 28. Rg2 Rd1# 0-1

[Event "NW Regional Scholastic Championships"]
[Site "Chess.com"]
[Date "2020.05.16"]
[Round "?"]
[White "AbhaySankar12"]
[Black "Novaprime12"]
[Result "1-0"]
[WhiteElo "1345"]
[BlackElo "900"]
[PlyCount "49"]
[EventDate "2020.??.??"]

1. d4 d5 2. c4 c6 3. cxd5 cxd5 4. Bf4 Nc6 5. e3 Nf6 6. Nc3 e6 7. Nf3 Bb4 8. Bd3
O-O 9. O-O Bd6 10. Bxd6 Qxd6 11. Re1 Re8 12. e4 Bd7 13. e5 Qe7 14. exf6 Qxf6
15. a3 Nxd4 16. Nxd4 Qxd4 17. Bxh7+ Kxh7 18. Qxd4 Kg8 19. Re2 Rac8 20. Qxa7 Re7
21. Qxb7 Ree8 22. Qxd7 Red8 23. Qa4 Rc7 24. h3 Rdc8 25. Nb5 1-0

[Event "NW Regional Scholastic Championships"]
[Site "Chess.com"]
[Date "2020.05.16"]
[Round "?"]
[White "just-potato"]
[Black "Novaprime12"]
[Result "1-0"]
[WhiteElo "1137"]
[BlackElo "900"]
[PlyCount "73"]
[EventDate "2020.??.??"]

1. d4 d5 2. c4 c6 3. Nc3 Nf6 4. Nf3 Bg4 5. cxd5 cxd5 6. Qb3 Bxf3 7. exf3 Qd7 8.
Bb5 Nc6 9. O-O a6 10. Bxc6 Qxc6 11. Bg5 Rd8 12. Rac1 Qd6 13. Bxf6 gxf6 14. Qxb7
Bh6 15. Rce1 Qd7 16. Qxa6 Rg8 17. Qxf6 Bg7 18. Nxd5 Bxf6 19. Nxf6+ Kf8 20.
Nxd7+ Rxd7 21. Re4 Kg7 22. Rg4+ Kh8 23. Rxg8+ Kxg8 24. Rd1 Kg7 25. Kf1 Kf6 26.
a4 Ra7 27. Ra1 Rb7 28. Rb1 Rb4 29. a5 Rxd4 30. b4 Rd8 31. b5 Ra8 32. a6 Ke6 33.
b6 Kd7 34. b7 Rb8 35. a7 Kc7 36. a8=Q h5 37. Qa5+ 1-0

[Event "NW Regional Scholastic Championships"]
[Site "Chess.com"]
[Date "2020.05.16"]
[Round "?"]
[White "Novaprime12"]
[Black "Thrinayks"]
[Result "1/2-1/2"]
[WhiteElo "900"]
[BlackElo "1132"]
[PlyCount "108"]
[EventDate "2020.??.??"]

1. e4 c5 2. Nf3 Nc6 3. Bb5 a6 4. Bxc6 bxc6 5. d4 cxd4 6. Nxd4 e5 7. Nf3 f6 8.
Nc3 Bb4 9. Bd2 Ne7 10. a3 Bxc3 11. Bxc3 Bb7 12. O-O d5 13. exd5 cxd5 14. Bb4
O-O 15. Rc1 d4 16. c3 Bxf3 17. Qxf3 dxc3 18. Qxc3 Re8 19. Qc7 Rc8 20. Qxd8
Rcxd8 21. h3 Ng6 22. Rfd1 Nf4 23. Rxd8 Rxd8 24. Kh2 Nd3 25. Rc2 Nxb4 26. axb4
Rb8 27. Rc4 a5 28. bxa5 Rxb2 29. a6 Ra2 30. Rc6 Kf7 31. Kg3 Kg6 32. Kf3 Kf5 33.
Ke3 Ra4 34. g4+ Kg6 35. Kd3 h5 36. Kc3 hxg4 37. hxg4 Kg5 38. f3 f5 39. gxf5
Kxf5 40. Kb3 Rd4 41. a7 Rd8 42. Rc7 g5 43. Kb4 e4 44. fxe4+ Kxe4 45. Kb5 g4 46.
Kb6 g3 47. Rg7 Kf3 48. Rf7+ Ke2 49. Rg7 Kf2 50. Rb7 Ra8 51. Rb8 Rxa7 52. Kxa7
g2 53. Rg8 g1=Q 54. Rxg1 Kxg1 1/2-1/2

[Event "NW Regional Scholastic Championships"]
[Site "Chess.com"]
[Date "2020.05.16"]
[Round "?"]
[White "Novaprime12"]
[Black "rmzwang"]
[Result "1-0"]
[WhiteElo "900"]
[BlackElo "1306"]
[PlyCount "65"]
[EventDate "2020.??.??"]

1. e4 e5 2. Nf3 Nc6 3. Bc4 Bc5 4. Bb3 d6 5. d3 Nf6 6. Ng5 O-O 7. O-O Bg4 8. Nf3
Nd4 9. Nbd2 d5 10. h3 Bxf3 11. Nxf3 Nxf3+ 12. Qxf3 c6 13. Bg5 Be7 14. Rfe1 d4
15. Rac1 Nd7 16. Bxe7 Qxe7 17. c3 dxc3 18. Rxc3 Nc5 19. Rec1 Nxb3 20. Rxb3 Qe6
21. Qg4 f5 22. exf5 Rxf5 23. Qc4 Qxc4 24. dxc4 b6 25. Re3 Raf8 26. f3 Rd8 27.
b3 Rd2 28. a4 a6 29. Rce1 b5 30. axb5 axb5 31. cxb5 cxb5 32. Rxe5 Rxe5 33. Rxe5
1-0

[Event "NW Regional Scholastic Championships"]
[Site "Chess.com"]
[Date "2020.05.16"]
[Round "?"]
[White "CalebSwitalla"]
[Black "orange78"]
[Result "0-1"]
[WhiteElo "1483"]
[BlackElo "999"]
[PlyCount "128"]
[EventDate "2020.??.??"]

1. e4 e5 2. Nc3 Nf6 3. Bc4 Nc6 4. d3 Be7 5. Be3 d6 6. Nf3 Bg4 7. h3 Bh5 8. g4
Bg6 9. Ng5 h6 10. Nxf7 Bxf7 11. Qe2 Bxc4 12. dxc4 Qd7 13. O-O-O Qe6 14. Nb5
O-O-O 15. Rhe1 Kb8 16. Qd3 a6 17. Qb3 axb5 18. Qxb5 Qd7 19. Rd3 Nd4 20. Qa5 c6
21. Ra3 Qc8 22. c3 d5 23. Ra4 Rdg8 24. cxd4 Bd8 25. Qa7+ Kc7 26. dxe5 Nxe4 27.
Qb6+ Kd7 28. Qb4 Ke8 29. f3 Ng5 30. h4 Nxf3 31. Rf1 Nxe5 32. Qc3 Nxg4 33. Qd4
Nxe3 34. Qxe3+ Be7 35. Re1 Qd7 36. Ra8+ Kf7 37. Rf1+ Bf6 38. Ra3 Re8 39. Qf2
Rhf8 40. Rf3 Kg8 41. Rg1 Qe7 42. Qg2 Kh8 43. Rg3 Rg8 44. Kb1 Qe4+ 45. Qxe4 dxe4
46. a4 e3 47. Re1 Bxh4 48. Rexe3 Bxg3 49. Rxg3 Re4 50. Ra3 Rxc4 51. a5 Re4 52.
a6 bxa6 53. Rxa6 c5 54. Ra5 Re5 55. b4 Rb8 56. Ka2 Re2+ 57. Ka3 cxb4+ 58. Ka4
Ra2+ 59. Kb3 Rxa5 60. Kb2 Ra3 61. Kb1 Rf8 62. Kb2 Rf2+ 63. Kc1 Rg3 64. Kb1 Rg1#
0-1

[Event "NW Regional Scholastic Championships"]
[Site "Chess.com"]
[Date "2020.05.16"]
[Round "?"]
[White "ChessMasterGS"]
[Black "CalebSwitalla"]
[Result "1-0"]
[WhiteElo "1358"]
[BlackElo "1483"]
[PlyCount "75"]
[EventDate "2020.??.??"]

1. b3 e5 2. Bb2 Nc6 3. e3 Nf6 4. Nf3 Bc5 5. d4 exd4 6. exd4 Bb6 7. Be2 d5 8.
O-O Qd6 9. Re1 Be6 10. Ba3 Qd7 11. Bb5 O-O-O 12. Bxc6 Qxc6 13. Ne5 Qe8 14. Bb2
Qe7 15. Nd2 g6 16. a4 Nh5 17. Ba3 Qg5 18. Ndf3 Qh6 19. Bc1 Qg7 20. Bd2 f6 21.
Nd3 Bg4 22. Bc3 f5 23. Nde5 Rhe8 24. a5 Bxa5 25. Rxa5 b6 26. Rxa7 Qh6 27. Qa1
Rxe5 28. Ra8+ Kd7 29. Nxe5+ Kd6 30. Qa3+ c5 31. dxc5+ bxc5 32. Qa6+ Ke7 33.
Qb7+ Kf6 34. Nxg4+ Kg5 35. Qe7+ Kf4 36. g3+ Kxg4 37. h3+ Kxh3 38. Qh4# 1-0

[Event "NW Regional Scholastic Championships"]
[Site "Chess.com"]
[Date "2020.05.16"]
[Round "?"]
[White "ChessKusumas"]
[Black "CalebSwitalla"]
[Result "1-0"]
[WhiteElo "1264"]
[BlackElo "1483"]
[PlyCount "113"]
[EventDate "2020.??.??"]

1. c4 e5 2. g3 Bc5 3. Bg2 Nc6 4. e3 d6 5. Ne2 Be6 6. O-O Qd7 7. d4 exd4 8. exd4
Bxd4 9. Nxd4 Bh3 10. Re1+ Nge7 11. Nxc6 bxc6 12. Qe2 O-O-O 13. Bxh3 Qxh3 14.
Qxe7 Rhe8 15. Qxe8 Rxe8 16. Rxe8+ Kd7 17. Re1 Qf5 18. Bd2 h5 19. Re3 Qf6 20.
Bc3 Qf5 21. Nd2 h4 22. Rae1 hxg3 23. hxg3 g5 24. Re8 Qe6 25. R8xe6 fxe6 26. Re4
e5 27. Rg4 Ke6 28. Rxg5 d5 29. Rxe5+ Kd6 30. cxd5 cxd5 31. Bd4 c5 32. Bxc5+
Kxc5 33. Nb3+ Kc4 34. Rxd5 Kxd5 35. Kf1 Kc4 36. Ke1 Kd3 37. Kd1 a6 38. Nc5+ Kc4
39. Nxa6 Kb5 40. g4 Kxa6 41. g5 Kb5 42. g6 Kc5 43. g7 Kd5 44. g8=Q+ Ke5 45. f4+
Kxf4 46. Qe8 Kf5 47. Qe7 Kf4 48. Qe6 Kf3 49. Qe5 Kg4 50. Qf6 Kg3 51. Qf5 Kg2
52. Qf4 Kh3 53. Qg5 Kh2 54. Qg4 Kh1 55. Ke2 Kh2 56. Kf2 Kh1 57. Qg2# 1-0

[Event "NW Regional Scholastic Championships"]
[Site "Chess.com"]
[Date "2020.05.16"]
[Round "?"]
[White "poocoolpro"]
[Black "Soumyateja"]
[Result "1-0"]
[WhiteElo "1614"]
[BlackElo "1165"]
[PlyCount "35"]
[EventDate "2020.??.??"]

1. Nf3 d5 2. g3 Nf6 3. Bg2 Nc6 4. O-O e6 5. d3 g6 6. Nc3 Bg7 7. Bg5 O-O 8. e4
d4 9. Ne2 b6 10. e5 h6 11. exf6 Bxf6 12. Bxf6 Qxf6 13. Qd2 e5 14. Qxh6 Bg4 15.
Ng5 Rfe8 16. Bxc6 Qxc6 17. Qh7+ Kf8 18. Qxf7# 1-0

[Event "NW Regional Scholastic Championships"]
[Site "Chess.com"]
[Date "2020.05.16"]
[Round "?"]
[White "wang722598"]
[Black "Soumyateja"]
[Result "1-0"]
[WhiteElo "1328"]
[BlackElo "1165"]
[PlyCount "63"]
[EventDate "2020.??.??"]

1. e4 e5 2. Nf3 Nc6 3. Bc4 Bc5 4. c3 Nf6 5. d3 a6 6. Bg5 O-O 7. Nbd2 h6 8. Bh4
b5 9. Bb3 Bb7 10. O-O Qe7 11. c4 bxc4 12. Nxc4 a5 13. Bg3 a4 14. Bxa4 Nh5 15.
Bxc6 Bxc6 16. Bxe5 d6 17. Bc3 Nf6 18. Re1 Qd7 19. Bxf6 gxf6 20. Nh4 Rfe8 21.
Nf5 Kf8 22. Qh5 Qxf5 23. Qxh6+ Ke7 24. exf5+ Kd7 25. Qxf6 Rxe1+ 26. Rxe1 d5 27.
Ne5+ Kc8 28. Qxc6 Bb6 29. Nd7 Rxa2 30. Nxb6+ Kb8 31. Re8+ Ka7 32. Ra8# 1-0

[Event "NW Regional Scholastic Championships"]
[Site "Chess.com"]
[Date "2020.05.16"]
[Round "?"]
[White "rmzwang"]
[Black "Soumyateja"]
[Result "1-0"]
[WhiteElo "1306"]
[BlackElo "1165"]
[PlyCount "47"]
[EventDate "2020.??.??"]

1. e4 e5 2. Nf3 Nc6 3. Bc4 Bc5 4. c3 Nf6 5. d4 exd4 6. cxd4 Bb4+ 7. Nc3 Bxc3+
8. bxc3 Nxe4 9. O-O d5 10. Bd3 Be6 11. Bf4 Qe7 12. Nd2 Nxc3 13. Qc2 Ne4 14.
Bxe4 dxe4 15. Qxe4 O-O-O 16. Nb3 Bxb3 17. Qxe7 Nxe7 18. axb3 Rxd4 19. Be5 Rg4
20. Rxa7 Nc6 21. Ra8+ Nb8 22. Rc1 Re4 23. Rxc7+ Kd8 24. Rxb8# 1-0

[Event "NW Regional Scholastic Championships"]
[Site "Chess.com"]
[Date "2020.05.16"]
[Round "?"]
[White "I_C_E_man"]
[Black "artistqueen"]
[Result "1-0"]
[WhiteElo "1200"]
[BlackElo "1522"]
[PlyCount "177"]
[EventDate "2020.??.??"]

1. g3 e5 2. d3 d5 3. Nd2 Nf6 4. Bg2 Nc6 5. b3 Bd6 6. Bb2 O-O 7. c4 Be6 8. Nh3
h6 9. f4 Qd7 10. e4 d4 11. f5 Bxf5 12. exf5 Qxf5 13. g4 Nxg4 14. Be4 Qd7 15.
Rg1 Ne3 16. Qh5 Nc2+ 17. Kd1 Nxa1 18. Qxh6 f5 19. Bd5+ Rf7 20. Bxf7+ Qxf7 21.
Bxa1 Kf8 22. Qh8+ Qg8 23. Qxg8+ Kxg8 24. Ng5 g6 25. Ne6 Ne7 26. c5 Kf7 27. Ng5+
Kg8 28. cxd6 cxd6 29. Bb2 Rc8 30. Ba3 Rc6 31. Nc4 Nc8 32. Na5 Ra6 33. Bb4 Rb6
34. a3 d5 35. Nf3 e4 36. dxe4 dxe4 37. Nxd4 f4 38. Nc4 Rf6 39. h4 f3 40. Ne5 f2
41. Rf1 e3 42. Ke2 Nb6 43. Kxe3 Nd5+ 44. Ke2 Nf4+ 45. Kxf2 Nd3+ 46. Ke2 Rxf1
47. Kxf1 Nxe5 48. Nb5 Nc6 49. Kf2 Kf7 50. Kg3 Kf6 51. Bc3+ Kf5 52. Bb4 g5 53.
h5 Kf6 54. Bc3+ Ne5 55. h6 Kg6 56. Bxe5 Kxh6 57. Nxa7 Kg6 58. b4 Kf7 59. a4 Ke7
60. b5 Kd7 61. a5 Kd8 62. a6 bxa6 63. bxa6 Kd7 64. Nb5 Kc8 65. a7 Kb7 66. Kg4
Ka8 67. Kxg5 Kb7 68. Kf6 Ka8 69. Ke7 Kb7 70. Bd4 Ka8 71. Nc7+ Kb7 72. Bc5 Kc6
73. a8=Q+ Kxc5 74. Qa5+ Kd4 75. Ke6 Kc4 76. Ke5 Kd3 77. Qa4 Ke3 78. Qd4+ Kf3
79. Kf5 Kg3 80. Qf4+ Kh3 81. Qf3+ Kh2 82. Qf2+ Kh1 83. Qf4 Kg2 84. Ke4 Kg1 85.
Ke3 Kh1 86. Ke2 Kg1 87. Kf3 Kh1 88. Kg3 Kg1 89. Qc1# 1-0

[Event "NW Regional Scholastic Championships"]
[Site "Chess.com"]
[Date "2020.05.16"]
[Round "?"]
[White "Parthpp"]
[Black "I_C_E_man"]
[Result "1-0"]
[WhiteElo "1054"]
[BlackElo "1200"]
[PlyCount "75"]
[EventDate "2020.??.??"]

1. c4 g6 2. d4 Bg7 3. Nc3 d6 4. Nf3 Nd7 5. e3 b6 6. Bd3 Bb7 7. O-O c5 8. Re1
cxd4 9. Nxd4 Ngf6 10. Nf3 Ng4 11. h3 Nge5 12. Be2 Nxf3+ 13. Bxf3 Bxf3 14. Qxf3
Ne5 15. Qf4 O-O 16. Qe4 f5 17. Qd5+ Kh8 18. e4 Rc8 19. exf5 Rxf5 20. Qe4 Rxc4
21. Qe3 Qf8 22. Rf1 Rcf4 23. g3 Nf3+ 24. Kg2 Nh4+ 25. gxh4 Rxh4 26. Qg3 Qf6 27.
Be3 Bh6 28. Bxh6 Rxh6 29. Kh2 Rf3 30. Qg4 Rxf2+ 31. Rxf2 Qxf2+ 32. Qg2 Qf4+ 33.
Qg3 Qd2+ 34. Kg1 Qxb2 35. Qe1 Rxh3 36. Ne2 g5 37. Qf1 g4 38. Qf8# 1-0

[Event "NW Regional Scholastic Championships"]
[Site "Chess.com"]
[Date "2020.05.16"]
[Round "?"]
[White "I_C_E_man"]
[Black "ProfSynergy"]
[Result "0-1"]
[WhiteElo "1200"]
[BlackElo "1286"]
[PlyCount "34"]
[EventDate "2020.??.??"]

1. g3 Nf6 2. Bg2 e5 3. b3 Bc5 4. Bb2 Nc6 5. Nh3 O-O 6. O-O d6 7. e3 Bd7 8. c3
Qc8 9. d4 exd4 10. cxd4 Bb6 11. Na3 Bxh3 12. Bxh3 Qxh3 13. Nc4 d5 14. Nxb6 cxb6
15. Ba3 Rfe8 16. f4 Ng4 17. Bc1 Qxh2# 0-1

[Event "NW Regional Scholastic Championships"]
[Site "Chess.com"]
[Date "2020.05.16"]
[Round "?"]
[White "matthewhan"]
[Black "I_C_E_man"]
[Result "1-0"]
[WhiteElo "877"]
[BlackElo "1200"]
[PlyCount "143"]
[EventDate "2020.??.??"]

1. e4 b6 2. d4 Bb7 3. Nc3 g6 4. Nf3 Bg7 5. Bf4 d6 6. Bc4 e6 7. Bb5+ Nd7 8. Qe2
Ne7 9. d5 exd5 10. Nxd5 Bxd5 11. exd5 Bxb2 12. Rb1 Bc3+ 13. Bd2 Bxd2+ 14. Qxd2
a6 15. Ba4 b5 16. Bb3 a5 17. c3 a4 18. Bc2 Nf5 19. Bxf5 gxf5 20. Qe2+ Ne5 21.
Nxe5 dxe5 22. Qxe5+ Qe7 23. Qxe7+ Kxe7 24. Rxb5 Rae8 25. O-O Kd6 26. Ra5 Re4
27. Rd1 Rhe8 28. Ra6+ Kc5 29. Rc6+ Kb5 30. Rb1+ Ka5 31. h3 f4 32. Rxc7 Ka6 33.
Rbb7 Re3 34. fxe3 fxe3 35. Ra7+ Kb6 36. Rcb7+ Kc5 37. Ra5+ Kd6 38. Rb6+ Kc7 39.
Rb1 f5 40. d6+ Kxd6 41. Rxf5 a3 42. Rf3 e2 43. Kf2 Kc5 44. Re1 Kc4 45. Rxe2
Rxe2+ 46. Kxe2 h5 47. g4 hxg4 48. hxg4 Kd5 49. g5 Ke4 50. Rg3 Kf4 51. Kf2 Kf5
52. g6 Kf4 53. g7 Kf5 54. g8=Q Kf4 55. Qf8+ Ke4 56. Re3+ Kd5 57. Qd8+ Kc4 58.
Re4+ Kxc3 59. Re7 Kb2 60. Rc7 Kxa2 61. Qd2+ Kb3 62. Qc3+ Ka4 63. Ra7+ Kb5 64.
Qa5+ Kc4 65. Qxa3 Kd5 66. Qd3+ Kc5 67. Ra5+ Kb4 68. Qd5 Kc3 69. Rc5+ Kb4 70.
Qc6 Kb3 71. Qb6+ Ka4 72. Ra5# 1-0

[Event "NW Regional Scholastic Championships"]
[Site "Chess.com"]
[Date "2020.05.16"]
[Round "?"]
[White "Tanneywanney25"]
[Black "SilasBT"]
[Result "1-0"]
[WhiteElo "800"]
[BlackElo "1200"]
[PlyCount "49"]
[EventDate "2020.??.??"]

1. d4 d5 2. c4 e6 3. Nc3 Nf6 4. Bg5 Be7 5. Nf3 Ne4 6. Bxe7 Qxe7 7. Qc2 O-O 8.
a3 Nc6 9. Nxe4 dxe4 10. Qxe4 f5 11. Qc2 e5 12. dxe5 Nxe5 13. Qc3 Nxf3+ 14. Qxf3
Qf6 15. Qc3 Qe7 16. Rd1 b6 17. Qf3 Ba6 18. e3 f4 19. Be2 fxe3 20. Qxe3 Qd7 21.
Rxd7 Rfe8 22. Qf4 Rf8 23. Qxc7 Rfc8 24. Rxg7+ Kf8 25. Qf7# 1-0

[Event "NW Regional Scholastic Championships"]
[Site "Chess.com"]
[Date "2020.05.16"]
[Round "?"]
[White "SilasBT"]
[Black "routraydinesh"]
[Result "0-1"]
[WhiteElo "1200"]
[BlackElo "1376"]
[PlyCount "50"]
[EventDate "2020.??.??"]

1. e4 c5 2. Nf3 Nc6 3. Nc3 Nf6 4. Bc4 e6 5. d4 cxd4 6. Nxd4 d5 7. Nxc6 bxc6 8.
exd5 exd5 9. Qe2+ Be7 10. Bb3 O-O 11. O-O Re8 12. Qd3 a5 13. Bg5 Ba6 14. Qd2
Bxf1 15. Kxf1 Ne4 16. Nxe4 dxe4 17. Qf4 Bxg5 18. Qf3 exf3 19. c4 Qd3+ 20. Kg1
fxg2 21. Rd1 Qf3 22. Rd2 Bxd2 23. a4 Rad8 24. c5 Bc3 25. bxc3 Re1# 0-1